| 000 | 00782nam a2200229 a 4500 | ||
|---|---|---|---|
| 001 | 000029883 | ||
| 003 | DO-SdBNP | ||
| 005 | 20180213083557.0 | ||
| 007 | 000029883 | ||
| 008 | 110426s1998 dr ac 000 0 spa d | ||
| 040 |
_aBPMET _bspa _cBPMET |
||
| 110 | 2 |
_aRepública Dominicana _bSecretaría de Estado de Educación Bellas Artes y Cultura |
|
| 245 | 1 | 0 |
_aGuía de efemérides y de actividades educativas y culturales / _cpresentación Ligia Amada Melo de Cardona. |
| 250 | _a2a ed. | ||
| 260 |
_aSanto Domingo : _bDirección General de Cultura, _c1998. |
||
| 300 |
_a53 p. ; _c28 cm. |
||
| 504 | _aBibliografía : p. 52 -53 | ||
| 700 | 1 | _aMelo de Cardona, Ligia Amada | |
| 942 |
_2ddc _cBK |
||
| 945 | _aInventariado / 2018 VM | ||
| 956 |
_aVMATEO _b10 _c20160309 _lBPMSU _h0069 |
||
| 999 |
_c7342 _d7342 |
||